Music Quiz

Random Music or Taylor Swift Quiz

Halfsies: Taylor Swift Songs Quiz Stats

Quiz Updated Sep 8, 2015

Challenge
Share
Tweet
Score 0/20 Timer 03:00
5 Plays Today
% Correct
I Knew You Were
97.6%
Bad
97.4%
Blank
96.9%
Safe &
95.7%
Teardrops on My
95.3%
Everything Has
95.3%
You Belong With
94.9%
Should've Said
94%
Sparks
92.8%
The Story of
92.7%
% Correct
Begin
92.7%
Today Was a
92.3%
Love
91.4%
White
90.7%
Eyes
90.6%
Our
88.9%
Back to
88.3%
The Last
83%
Sweeter Than
81.1%
Long
75.7%

You're not logged in!

Compare scores with friends on all Sporcle quizzes.
Join for Free
OR
Log In

You Might Also Like...

Show Comments

Extras

Top Quizzes Today


Score Distribution

Your Account Isn't Verified!

In order to create a playlist on Sporcle, you need to verify the email address you used during registration. Go to your Sporcle Settings to finish the process.

Report this User

Report this user for behavior that violates our Community Guidelines.

Details: